000 00502nam a2200217Ia 4500
005 20240815061624.0
008 240331s9999 xx 000 0 und d
020 _a0415164001
082 _bFEM
_a408.2
100 _a
245 4 _aThe Feminist critique of language :
_ba reader
250 _a2nd
260 _aLondon
_bRoutledge
_c1998
300 _axviii, 368 p .,
650 _aWomen
650 _aCulture
650 _aSex
650 _aGender
700 _aCameron, D.
_eedt
942 _cL
999 _c3019
_d3019